LEADER 01157nam 2200385 450 001 9910213820003321 005 20220930150811.0 010 $a0-472-90078-1 035 $a(CKB)3780000000450746 035 $a(NjHacI)993780000000450746 035 $a(EXLCZ)993780000000450746 100 $a20220930d2013 uy 0 101 0 $aeng 135 $aur||||||||||| 181 $ctxt$2rdacontent 182 $cc$2rdamedia 183 $acr$2rdacarrier 200 10$aEarly Start $ePreschool Politics in the United States /$fAndrew Karch 210 1$aAnn Arbor :$cUniversity of Michigan Press,$d[2013] 210 4$dİ2013 215 $a1 online resource (x, 274 pages) 320 $aIncludes bibliographical references and index. 517 $aEarly Start 606 $aEarly childhood education$zUnited States 606 $aEducation and state$zUnited States 615 0$aEarly childhood education 615 0$aEducation and state 676 $a372.210973 700 $aKarch$b Andrew$0882464 801 0$bNjHacI 801 1$bNjHacl 906 $aBOOK 912 $a9910213820003321 996 $aEarly Start$92126230 997 $aUNINA LEADER 01057nam a2200289 i 4500 001 991000920479707536 005 20020507175903.0 008 950216s1934 us ||| | eng 035 $ab10776011-39ule_inst 035 $aLE01304341$9ExL 040 $aDip.to Matematica$beng 084 $aAMS 76-01 084 $aAMS 76-XX 100 1 $aTietjens, O. G.$0534670 245 10$aFundamentals of hydro- and aeromechanics /$cO. G. Tietjens ; based on lectures of L. Prandtl ; translated by L. Rosenhead 260 $aNew York ; Dover Publ. :$cc1934 300 $axvi, 270 p. ;$c20 cm. 490 0 $aDover books on engineering 650 4$aFluid mechanics 700 1 $aPrandtl, Ludwig 700 1 $aRosenhead, L. 907 $a.b10776011$b23-02-17$c28-06-02 912 $a991000920479707536 945 $aLE013 76-XX TIE11 (1934)$g1$i2013000021379$lle013$o-$pE0.00$q-$rl$s- $t0$u0$v0$w0$x0$y.i10874902$z28-06-02 996 $aFundamentals of hydro- and aeromechanics$9922857 997 $aUNISALENTO 998 $ale013$b01-01-95$cm$da $e-$feng$gus $h0$i1